| 000 | 00579nam a2200193 i 4500 | ||
|---|---|---|---|
| 001 | 130295 | ||
| 003 | ES-MaACL | ||
| 005 | 20250724075215.0 | ||
| 007 | t| | ||
| 008 | 070725s1981 sp ||||1| spa d | ||
| 100 | 1 |
_aZakatov, P. S. _9117863 |
|
| 245 | 1 | 0 |
_aCurso de geodesia superior / _cP. S. Zakatov ; [traducido del ruso por José Abel Rico Báez]. |
| 260 |
_aMoscú : _bMir, _c[1981] |
||
| 300 |
_a634 p. ; _c22 cm. |
||
| 650 | 7 |
_aGeodesia _2embne _913068 |
|
| 700 | 0 |
_aRico Báez, José Abel. _997021 |
|
| 852 |
_aES-MaACL _jL-140 _bR.106852 |
||
| 999 |
_c130295 _d130295 |
||